00463cam a22001337a 4500008004000000020001500040082001300055100002600068245011900094260003600213300001000249650003900259650003100298180718b1997 xxu||||| |||| 00| 0 eng d a8125012893 aT31 B223 aBanerjee-Guha, Swapna aSpatial dynamics of international capital: a study of multinational corporations in Indiacby Swapna Banerjee-Guha aHyderabadbOrient Longmanc1997 a285p. aInternational business enterprises aMultinational corporations